[Event "In Memory of Bill Futabutz"]
[Site "SchemingMind.com"]
[Date "2008.12.04"]
[Round "-"]
[White "cnile"]
[Black "lame wolf"]
[Result "1-0"]
[WhiteCountry "SCO"]
[BlackCountry "INT"]
[WhiteElo "1579"]
[WhiteRD "72"]
[BlackElo "995"]
[BlackRD "52"]
[GameID "181807"]

1. e4 e5 2. Nf3 d5 3. Nxe5 Nh6 4. d4 dxe4 5. Bxh6 f6 6. Qh5+ Ke7 7. Qf7+ Kd6 8. Nc4+ Kc6 9. Na5+ Kb6 10. Qb3+ Kxa5
11. Bd2+
1-0

[Event "In Memory of Bill Futabutz"]
[Site "SchemingMind.com"]
[Date "2008.12.04"]
[Round "-"]
[White "lame wolf"]
[Black "cnile"]
[Result "0-1"]
[WhiteCountry "INT"]
[BlackCountry "SCO"]
[WhiteElo "995"]
[WhiteRD "52"]
[BlackElo "1579"]
[BlackRD "72"]
[GameID "181808"]

1. c3 e5 2. e4 Nf6 3. Qc2 Nc6 4. d3 Bc5 5. Bg5 d6 6. d4 exd4 7. Bd3 Ne5 8. Bxf6 Nxd3+ 9. Ke2 Nf4+ 10. Kf3 Qxf6
11. Qd3 Nxd3+ 12. Ke2 Qxf2+ 13. Kxd3 O-O 14. Ne2 Qe3+
0-1

[Event "In Memory of Bill Futabutz"]
[Site "SchemingMind.com"]
[Date "2008.12.05"]
[Round "-"]
[White "e_castle3"]
[Black "lame wolf"]
[Result "1-0"]
[WhiteCountry "PHI"]
[BlackCountry "INT"]
[WhiteElo "1760"]
[WhiteRD "77"]
[BlackElo "995"]
[BlackRD "52"]
[GameID "181856"]

1. f4 f5 2. Nf3 Nf6 3. e3 d6 4. Bc4 Bd7 5. O-O Nd5 6. Bxd5 Bc6 7. Bb3 e6 8. Bxe6 g6 9. Ng5 Bg7 10. Bf7+ Ke7
11. Bb3 Nd7 12. Nf7 Qf8 13. Nxh8 Bxh8 14. Nc3 Re8 15. d4 Nb6 16. a4 Qf6 17. a5 g5 18. axb6 cxb6 19. Ba4 b5 20. Bxb5 Bxb5
21. Nd5+
1-0

[Event "In Memory of Bill Futabutz"]
[Site "SchemingMind.com"]
[Date "2008.12.05"]
[Round "-"]
[White "e_castle3"]
[Black "cnile"]
[Result "1-0"]
[WhiteCountry "PHI"]
[BlackCountry "SCO"]
[WhiteElo "1763"]
[WhiteRD "65"]
[BlackElo "1558"]
[BlackRD "60"]
[GameID "181857"]

1. d4 e6 2. e4 d5 3. exd5 exd5 4. Nf3 Bg4 5. Be2 Ne7 6. O-O Ng6 7. Re1 Be7 8. h3 Be6 9. b3 Nd7 10. Bb2 O-O
11. Nbd2 Re8 12. c4 dxc4 13. bxc4 c6 14. Qc2 Rc8 15. Rad1 Bf6 16. Bf1 Qc7 17. g4 Ndf8 18. g5 Be7 19. Qc3 Qd7 20. d5 cxd5
21. Qxg7#
1-0

[Event "In Memory of Bill Futabutz"]
[Site "SchemingMind.com"]
[Date "2008.12.05"]
[Round "-"]
[White "lame wolf"]
[Black "e_castle3"]
[Result "0-1"]
[WhiteCountry "INT"]
[BlackCountry "PHI"]
[WhiteElo "995"]
[WhiteRD "52"]
[BlackElo "1760"]
[BlackRD "77"]
[GameID "181858"]

1. b4 e5 2. a3 d5 3. Bb2 f6 4. d4 e4 5. e3 Be6 6. Qd3 exd3 7. c3 Ne7 8. Bxd3 Nd7 9. e4 Nb6 10. exd5 Nbxd5
11. Be4 Qd7 12. Ne2 O-O-O 13. Nd2 g6 14. O-O Bg7 15. c4 Nb6 16. Rfc1 Rhf8 17. Nb3 Bxc4 18. Nc5 Qg4 19. Nc3 Rxd4 20. Bxb7+ Kb8
21. Bf3 Qf4 22. Be2 Qd2 23. Rcb1 Bxe2
0-1

[Event "In Memory of Bill Futabutz"]
[Site "SchemingMind.com"]
[Date "2008.12.06"]
[Round "-"]
[White "CRIS PORTI"]
[Black "lame wolf"]
[Result "1-0"]
[WhiteCountry "ARG"]
[BlackCountry "INT"]
[WhiteElo "1678"]
[WhiteRD "265"]
[BlackElo "995"]
[BlackRD "52"]
[GameID "182140"]

1. e4 d5 2. exd5 Qxd5 3. Nc3 Qd8 4. d4 Nf6 5. Nf3 Bg4 6. Be2 e6 7. O-O Bd6 8. Ne5 Bxe2 9. Qxe2 O-O 10. Bg5 Nbd7
11. Nxd7 Qxd7 12. Bxf6 Rfe8 13. Qg4 g6 14. Ne4 Qc6 15. Nxd6
1-0

[Event "In Memory of Bill Futabutz"]
[Site "SchemingMind.com"]
[Date "2008.12.07"]
[Round "-"]
[White "CRIS PORTI"]
[Black "e_castle3"]
[Result "1/2-1/2"]
[WhiteCountry "ARG"]
[BlackCountry "PHI"]
[WhiteElo "1715"]
[WhiteRD "97"]
[BlackElo "1744"]
[BlackRD "66"]
[GameID "182141"]

1. d4 d5 2. c4 c6 3. cxd5 cxd5 4. Nc3 Nc6 5. Nf3 Nf6 6. e3 Bf5 7. Qb3 Rb8 8. Bb5 a6 9. Bxc6+ bxc6 10. Qa4 Qb6
11. Ne5 Rc8 12. O-O e6 13. Qb3 Qxb3 14. axb3 Bd6 15. f4 O-O 16. Rf3 Rfe8 17. Rxa6 Bxe5 18. fxe5 Ne4 19. Nxe4 Bxe4 20. Rf2 Re7
21. Bd2 Rb7 22. b4 Kf8 23. Bc3 Ke7 24. b3 f6 25. exf6+ gxf6 26. Rfa2 Kd6 27. Ra7 Rcc7 28. Rxb7 Rxb7 29. Kf2 Rg7 30. g3 h5=
31. b5 cxb5 32. Bb4+ Kc6 33. Ra6+ Kb7 34. Rxe6 Rc7 35. Bc5 f5 36. Rb6+ Kc8 37. Rxb5 Rb7 38. Rxb7 Kxb7 39. b4 Kc6 40. Ke2 Kb5
41. Kd2=
1/2-1/2

[Event "In Memory of Bill Futabutz"]
[Site "SchemingMind.com"]
[Date "2008.12.06"]
[Round "-"]
[White "CRIS PORTI"]
[Black "cnile"]
[Result "1-0"]
[WhiteCountry "ARG"]
[BlackCountry "SCO"]
[WhiteElo "1773"]
[WhiteRD "218"]
[BlackElo "1569"]
[BlackRD "66"]
[GameID "182142"]

1. d4 Nf6 2. c4 Nc6 3. Nc3 e5 4. Bg5 Bb4 5. e3 exd4 6. exd4 O-O 7. Nf3 Re8+ 8. Be2 d6 9. O-O Bxc3 10. bxc3 Qe7
11. Re1 h6 12. Bd3 Qd8 13. Rxe8+ Qxe8 14. Bxf6 gxf6 15. Qd2 Kg7 16. Re1 Ne7 17. Qe3 Bg4 18. Qxe7 Qc6 19. Qe4 Bxf3 20. Qh7+ Kf8
21. Qh8#
1-0

[Event "In Memory of Bill Futabutz"]
[Site "SchemingMind.com"]
[Date "2008.12.08"]
[Round "-"]
[White "lame wolf"]
[Black "CRIS PORTI"]
[Result "0-1"]
[WhiteCountry "INT"]
[BlackCountry "ARG"]
[WhiteElo "995"]
[WhiteRD "52"]
[BlackElo "1678"]
[BlackRD "265"]
[GameID "182143"]

1. c3 e5 2. Qa4 c6 3. e4 Nf6 4. b4 b5 5. Qd1 d5 6. d4 dxe4 7. dxe5 Qxd1+ 8. Kxd1 Nd5 9. Be3 Nxe3+ 10. fxe3 Nd7
11. Nd2 Nxe5 12. Nxe4 Bg4+ 13. Be2 Bxe2+ 14. Nxe2 O-O-O+ 15. Kc2 Nc4 16. Nc5 Bxc5 17. Kb3 Nd2+
0-1

[Event "In Memory of Bill Futabutz"]
[Site "SchemingMind.com"]
[Date "2008.12.08"]
[Round "-"]
[White "e_castle3"]
[Black "CRIS PORTI"]
[Result "0-1"]
[WhiteCountry "PHI"]
[BlackCountry "ARG"]
[WhiteElo "1728"]
[WhiteRD "72"]
[BlackElo "1803"]
[BlackRD "88"]
[GameID "182144"]

1. e4 e5 2. Nf3 Nc6 3. Bb5 a6 4. Ba4 Nf6 5. O-O Be7 6. Re1 O-O 7. c3 b5 8. Bc2 Bb7 9. d4 exd4 10. cxd4 Nb4
11. Nc3 Nxc2 12. Qxc2 d5 13. e5 Ne4 14. Bf4 Qd7 15. Rad1 Nxc3 16. Qxc3 b4 17. Qc2 h6 18. Qd3 g5 19. Bg3 Qb5 20. Qxb5 axb5
21. e6 f6 22. Bxc7 Rfc8 23. Bg3 Rxa2 24. Rd2 b3 25. h4 Bb4 26. e7 Re8 27. Rde2 Bxe1 28. Nxe1 Ra1 29. Kh2 Kf7 30. Bd6 Ra6
31. Bb4 Re6 32. Rxe6 Kxe6 33. Nd3 Kf5 34. Nc1 g4 35. Kg3 h5 36. Nxb3 Bc8 37. Na5 Ke4 38. Bc5 f5 39. Nc6 f4+ 40. Kh2 Rg8
41. Kg1 g3 42. f3+ Ke3 43. Na7 Bd7 44. b4 Ra8 45. Kf1= Bf5 46. Ke1= Bd3 47. Bb6 Re8 48. Bc5 Be2 49. Bd6 Bxf3 50. gxf3 g2
0-1

[Event "In Memory of Bill Futabutz"]
[Site "SchemingMind.com"]
[Date "2008.12.08"]
[Round "-"]
[White "cnile"]
[Black "CRIS PORTI"]
[Result "0-1"]
[WhiteCountry "SCO"]
[BlackCountry "ARG"]
[WhiteElo "1558"]
[WhiteRD "60"]
[BlackElo "1824"]
[BlackRD "196"]
[GameID "182145"]

1. e4 e5 2. Nf3 Nc6 3. Bb5 a6 4. Ba4 Nf6 5. d3 b5 6. Bb3 Bb7 7. c3 d5 8. O-O dxe4 9. dxe4 Na5 10. Qxd8+ Rxd8
11. Bc2 Bd6 12. Bg5 h6 13. Bh4 Rd7 14. Nbd2 O-O 15. Rfe1 Be7 16. Rad1 Rfd8 17. Nxe5 Rxd2 18. Bd3 Rxb2 19. a3 g5 20. Bg3 c5
21. f4 Nd7 22. fxg5 hxg5 23. Ng4 c4 24. Bb1 Nf6 25. Nxf6+ Bxf6 26. Bc7 Rxd1 27. Rxd1 Bxc3 28. e5 Rxg2+ 29. Kf1 Rxh2 30. e6 Rh1+
31. Ke2 Rxd1 32. e7 Bc6 33. Kxd1 Be8 34. Bf5 Nc6 35. Bd6 Bf6 36. Bd7 Bxd7
0-1

[Event "In Memory of Bill Futabutz"]
[Site "SchemingMind.com"]
[Date "2008.12.07"]
[Round "-"]
[White "Black Knight"]
[Black "lame wolf"]
[Result "1-0"]
[WhiteCountry "USA"]
[BlackCountry "INT"]
[WhiteElo "1510"]
[WhiteRD "71"]
[BlackElo "1025"]
[BlackRD "56"]
[GameID "182206"]

1. e4 d5 2. exd5 Qxd5 3. Nc3 c6 4. Nxd5 cxd5 5. d4 Nc6 6. Nf3 Bg4 7. Be2 e5 8. Nxe5 Nxe5 9. dxe5 Bxe2 10. Qxe2 Be7
11. O-O b6 12. Qd2 Rd8 13. Qd4 Nh6 14. Bxh6 g6 15. e6 f6 16. Bg5 Rf8 17. Qa4+
1-0

[Event "In Memory of Bill Futabutz"]
[Site "SchemingMind.com"]
[Date "2008.12.07"]
[Round "-"]
[White "Black Knight"]
[Black "e_castle3"]
[Result "0-1"]
[WhiteCountry "USA"]
[BlackCountry "PHI"]
[WhiteElo "1562"]
[WhiteRD "84"]
[BlackElo "1744"]
[BlackRD "66"]
[GameID "182207"]

1. e4 g6 2. d4 Bg7 3. Nf3 b6 4. Nc3 Bb7 5. Bd3 d6 6. O-O e5 7. d5 Nf6 8. Bg5 h6 9. Bxf6 Bxf6 10. Re1 Nd7
11. b4 O-O 12. Nb5 a6 13. Nc3 Qe7 14. Qd2 Bg7 15. a3 c6 16. Be2 Nf6 17. Red1 cxd5 18. Nxd5 Nxd5 19. exd5 e4 20. Nd4 Rfe8
21. c4 e3 22. Qxe3 Qxe3 23. fxe3 Rxe3 24. Bf3 Rae8 25. Kf2 Rc3 26. Rdc1 Bxd4+ 27. Kf1 Ree3 28. Rxc3 Rxc3 29. Rd1 Rxc4 30. Ke2 Bg7
0-1

[Event "In Memory of Bill Futabutz"]
[Site "SchemingMind.com"]
[Date "2008.12.06"]
[Round "-"]
[White "Black Knight"]
[Black "cnile"]
[Result "1-0"]
[WhiteCountry "USA"]
[BlackCountry "SCO"]
[WhiteElo "1566"]
[WhiteRD "73"]
[BlackElo "1558"]
[BlackRD "60"]
[GameID "182208"]

1. e4 c5 2. Nf3 Nc6 3. d4 cxd4 4. Nxd4 Nf6 5. Nxc6 bxc6 6. Nc3 e6 7. Be2 Bb4 8. Bd2 Bxc3 9. Bxc3 Nxe4 10. O-O Nxc3
11. bxc3 d5 12. c4 O-O 13. Bg4 Ba6 14. Be2 Qh4 15. cxd5 Bxe2 16. Qxe2 cxd5 17. Rfd1 Qa4 18. Rdb1 Rfc8 19. Rc1 Rab8 20. Rab1 Rxb1
21. Rxb1 Qxa2 22. Qb5 Qc4 23. Qb7 a5 24. Rb5 a4 25. Rb4 a3 26. Rxc4 a2 27. Qxc8#
1-0

[Event "In Memory of Bill Futabutz"]
[Site "SchemingMind.com"]
[Date "2008.12.08"]
[Round "-"]
[White "Black Knight"]
[Black "CRIS PORTI"]
[Result "0-1"]
[WhiteCountry "USA"]
[BlackCountry "ARG"]
[WhiteElo "1545"]
[WhiteRD "80"]
[BlackElo "1845"]
[BlackRD "122"]
[GameID "182209"]

1. e4 e6 2. d4 d5 3. e5 c5 4. Nf3 Nc6 5. Bb5 a6 6. Bxc6+ bxc6 7. dxc5 Bxc5 8. O-O Ne7 9. Nc3 O-O 10. Bg5 h6
11. Bxe7 Qxe7 12. a3 a5 13. b4 axb4 14. axb4 Rxa1 15. Qxa1 Bxb4 16. Nd4 Bxc3 17. Qxc3 c5 18. Nc6 Qc7 19. Qxc5 Re8 20. Qd6 Qxd6
21. exd6 Bd7 22. Ne5 Rd8 23. Rb1 f6 24. Nxd7 Rxd7 25. Rb8+ Kf7 26. Rb6 e5 27. Rc6 Ke6 28. Kf1 Rxd6 29. Rxd6+ Kxd6 30. Ke2 g5
31. Kd3 Kc5 32. c3 e4+ 33. Kd2 f5 34. g3 d4 35. cxd4+ Kxd4 36. Ke2 f4 37. f3 fxg3 38. hxg3 exf3+ 39. Kxf3 h5 40. g4 h4
41. Kg2 Ke3 42. Kh3 Kf3 43. Kh2 Kxg4 44. Kh1 Kh3 45. Kg1 g4
0-1

[Event "In Memory of Bill Futabutz"]
[Site "SchemingMind.com"]
[Date "2008.12.07"]
[Round "-"]
[White "lame wolf"]
[Black "Black Knight"]
[Result "0-1"]
[WhiteCountry "INT"]
[BlackCountry "USA"]
[WhiteElo "1025"]
[WhiteRD "56"]
[BlackElo "1510"]
[BlackRD "71"]
[GameID "182210"]

1. Nf3 Nf6 2. e4 e5 3. Nxe5 d5 4. Qg4 Nxg4 5. Nxg4 Bxg4 6. exd5 Qxd5 7. f3 Qe6+ 8. Be2 Bh5 9. g4 Bg6 10. d3 Bc5
11. Nc3 O-O 12. Bd2 Re8 13. Ne4 Qe5 14. Bc3 Qf4 15. Nxc5 Qe3 16. Bd2 Qxe2#
0-1

[Event "In Memory of Bill Futabutz"]
[Site "SchemingMind.com"]
[Date "2008.12.07"]
[Round "-"]
[White "e_castle3"]
[Black "Black Knight"]
[Result "1-0"]
[WhiteCountry "PHI"]
[BlackCountry "USA"]
[WhiteElo "1744"]
[WhiteRD "66"]
[BlackElo "1562"]
[BlackRD "84"]
[GameID "182211"]

1. e4 e5 2. Nf3 Nc6 3. Bb5 a6 4. Ba4 b5 5. Bb3 Nf6 6. d3 d6 7. O-O Be7 8. c3 O-O 9. Re1 Bg4 10. h3 Bxf3
11. Qxf3 a5 12. Be3 a4 13. Bc2 Qd7 14. Nd2 d5 15. Nf1 d4 16. Bd2 Nd8 17. cxd4 Qxd4 18. Bc3 Qb6 19. Bxe5 Ne6 20. Rac1 Nd4
21. Qg3 g6 22. Bb1 Ra6 23. Bxc7 Qb7 24. Qe5 Nc6 25. Qh2 Ne8 26. Bf4 Bb4 27. Re2
1-0

[Event "In Memory of Bill Futabutz"]
[Site "SchemingMind.com"]
[Date "2008.12.07"]
[Round "-"]
[White "cnile"]
[Black "Black Knight"]
[Result "1-0"]
[WhiteCountry "SCO"]
[BlackCountry "USA"]
[WhiteElo "1553"]
[WhiteRD "63"]
[BlackElo "1538"]
[BlackRD "73"]
[GameID "182212"]

1. e4 e5 2. Nf3 Nc6 3. Bb5 a6 4. Ba4 Nf6 5. d3 b5 6. Bb3 d5 7. a4 Nd4 8. c3 Nxb3 9. Qxb3 Be6 10. Qc2 dxe4
11. dxe4 Be7 12. O-O O-O 13. axb5 Bc4 14. bxa6 Rxa6 15. Rxa6 Bxa6 16. Re1 Qd6 17. Rd1 Qb6 18. Be3 Bc5 19. Bxc5 Qxc5 20. Na3 Qe7
21. Nb1 Qc5 22. Nbd2 Ng4 23. Nf1 f5 24. exf5 e4 25. Nd4 Re8 26. Ne3 Nxe3 27. fxe3 Qe5 28. Qb3+ Kh8 29. Qa4 Bd3 30. Ne6 g6
31. Qxe8#
1-0

[Event "In Memory of Bill Futabutz"]
[Site "SchemingMind.com"]
[Date "2008.12.09"]
[Round "-"]
[White "CRIS PORTI"]
[Black "Black Knight"]
[Result "1-0"]
[WhiteCountry "ARG"]
[BlackCountry "USA"]
[WhiteElo "1715"]
[WhiteRD "97"]
[BlackElo "1562"]
[BlackRD "84"]
[GameID "182213"]

1. d4 d5 2. c4 Nf6 3. Nc3 Bf5 4. e3 e6 5. Qb3 b6 6. cxd5 exd5 7. Nf3 c5 8. Bb5+ Bd7 9. Bxd7+ Qxd7 10. Qb5 Qxb5
11. Nxb5 Na6 12. O-O Be7 13. Ne5 O-O 14. Nc6 Rfe8 15. Nbxa7 Nb4 16. Nxb4 Rxa7 17. Nc6 Rc7 18. Nxe7+ Rcxe7 19. dxc5 bxc5 20. Bd2 Ne4
21. Rfd1 Nxd2 22. Rxd2 Rd8 23. Rc1 c4 24. b3 cxb3 25. axb3 Rb8 26. Rxd5 Reb7 27. Rb1 h6 28. Rd3 Kh7 29. f4 f5 30. Kf2 Rc7
31. b4 Rc2+ 32. Kf3 Rc4 33. b5 Rb6 34. Rd4 Rc5 35. Rdb4 h5 36. h4 Kh6 37. g3 g6 38. e4 Rc3+ 39. Kg2 Rc2+ 40. Kf1 Rc3
41. exf5 gxf5 42. R4b3 Rc5 43. Ke2 Kg6 44. Ke3 Kf6 45. Kd4 Rc7 46. Kd5 Rd7+ 47. Kc5 Rdb7 48. Rd1 Ke6 49. Re1+ Kf6 50. Re8 Re6
51. Rf8+ Kg6 52. b6
1-0

[Event "In Memory of Bill Futabutz"]
[Site "SchemingMind.com"]
[Date "2008.12.07"]
[Round "-"]
[White "cnbcad"]
[Black "lame wolf"]
[Result "1-0"]
[WhiteCountry "USA"]
[BlackCountry "INT"]
[WhiteElo "1598"]
[WhiteRD "61"]
[BlackElo "995"]
[BlackRD "52"]
[GameID "182297"]

1. e4 d5 2. exd5 Qxd5 3. Nc3 c6 4. Nxd5 cxd5 5. Bb5+ Bd7 6. Bxd7+ Kxd7 7. Nf3 e6 8. Ne5+ Ke7 9. Qf3 f6 10. Qb3 b6
11. Ng4 Nc6 12. O-O Kf7 13. Qb5 Nge7 14. b3 f5 15. Ne3 g6 16. Ba3 Bg7 17. Rae1 Rhc8 18. Bxe7 Kxe7 19. Nxd5+ Kf7 20. Nf4 Nd4
21. Qd7+ Kf6 22. Nxe6 Nxe6 23. Rxe6+ Kg5 24. Qxg7 Rxc2 25. f4+ Kg4 26. Qh6 Rxd2 27. Qg5#
1-0

[Event "In Memory of Bill Futabutz"]
[Site "SchemingMind.com"]
[Date "2008.12.09"]
[Round "-"]
[White "cnbcad"]
[Black "e_castle3"]
[Result "0-1"]
[WhiteCountry "USA"]
[BlackCountry "PHI"]
[WhiteElo "1549"]
[WhiteRD "59"]
[BlackElo "1691"]
[BlackRD "69"]
[GameID "182298"]

1. e4 d6 2. d4 e6 3. Nf3 Nf6 4. Nc3 Be7 5. Bg5 O-O 6. Bxf6 Bxf6 7. Be2 g6 8. O-O Nc6 9. d5 Ne5 10. h3 Re8
11. a3 c6 12. Rb1 Qc7 13. Qd2 Bd7 14. a4 Rac8 15. dxe6 Bxe6 16. b3 Nxf3+ 17. Bxf3 Qa5 18. b4 Qc7 19. Ne2 Rcd8 20. Nd4 Bc8
21. b5 c5 22. b6 axb6 23. Nb5 Qd7 24. Na7 Be5 25. Bg4 f5 26. exf5 gxf5 27. Qg5+ Kh8 28. Nxc8 Qxc8 29. Bxf5 Qc7 30. Qh5 Re7
31. Qh4 Rg7 32. a5 bxa5 33. Rxb7 Qxb7 34. Qxd8+ Rg8 35. Qxa5 Qxg2#
0-1

[Event "In Memory of Bill Futabutz"]
[Site "SchemingMind.com"]
[Date "2008.12.07"]
[Round "-"]
[White "cnbcad"]
[Black "cnile"]
[Result "1-0"]
[WhiteCountry "USA"]
[BlackCountry "SCO"]
[WhiteElo "1652"]
[WhiteRD "58"]
[BlackElo "1558"]
[BlackRD "60"]
[GameID "182299"]

1. e4 c5 2. Nf3 Nc6 3. d4 cxd4 4. Nxd4 Nf6 5. Nc3 e6 6. Ndb5 Bb4 7. Nd6+ Ke7 8. Bf4 e5 9. Nf5+ Kf8 10. Bg5 Bxc3+
11. bxc3 Qa5 12. Rc1 Qxc3+ 13. Qd2 Qxd2+ 14. Bxd2 d5 15. Nd6 Ke7 16. Nxc8+ Raxc8 17. exd5 Nxd5 18. Bd3 Rhe8 19. O-O Kf8 20. Bxh7 Nd4
21. Rcd1 Ne2+ 22. Kh1 Rxc2 23. Bxc2 Nd4 24. Be3 Nxe3 25. Ba4 Nxf1 26. Bxe8 Kxe8 27. Rxf1 Ke7 28. h4 f6 29. Rb1 b6 30. Re1 Ke6
31. Rc1 a5 32. Rc7 b5 33. Rxg7 a4 34. h5 b4 35. h6 Nf5 36. h7 Nxg7 37. h8=Q b3 38. axb3 axb3 39. Qh3+ Nf5 40. Qxb3+ Ke7
41. Qb7+
1-0

[Event "In Memory of Bill Futabutz"]
[Site "SchemingMind.com"]
[Date "2008.12.07"]
[Round "-"]
[White "cnbcad"]
[Black "Black Knight"]
[Result "1-0"]
[WhiteCountry "USA"]
[BlackCountry "USA"]
[WhiteElo "1618"]
[WhiteRD "57"]
[BlackElo "1510"]
[BlackRD "71"]
[GameID "182300"]

1. e4 e5 2. Nf3 Nf6 3. Nxe5 Bd6 4. Nc4 O-O 5. e5 Bxe5 6. Nxe5 Re8 7. d4 d6 8. Be2 dxe5 9. dxe5 Rxe5 10. Qxd8+ Re8
11. Qxc7 Nc6 12. Bg5 Re7 13. Qg3 Re6 14. Bh6 g6 15. Qc3 Ne5 16. O-O Neg4 17. Bxg4 Rc6 18. Rd1 Nxg4 19. Qg7#
1-0

[Event "In Memory of Bill Futabutz"]
[Site "SchemingMind.com"]
[Date "2008.12.08"]
[Round "-"]
[White "cnbcad"]
[Black "CRIS PORTI"]
[Result "0-1"]
[WhiteCountry "USA"]
[BlackCountry "ARG"]
[WhiteElo "1613"]
[WhiteRD "54"]
[BlackElo "1935"]
[BlackRD "151"]
[GameID "182301"]

1. e4 e5 2. Nf3 Nc6 3. Bc4 Bc5 4. O-O f6 5. c3 Nge7 6. d4 exd4 7. cxd4 Bb6 8. Re1 d6 9. h3 Bd7 10. d5 Ne5
11. b3 Nxc4 12. bxc4 Ng6 13. Bb2 O-O 14. Nbd2 Ne5 15. a4 c5 16. Nxe5 fxe5 17. Nf3 Qf6 18. a5 Bc7 19. Qb3 Bxh3 20. gxh3 Qxf3
21. Qxf3 Rxf3 22. Re3 Raf8 23. h4 Rxf2 24. Bc3 R2f3 25. Rae1 Rxe3 26. Rxe3 Rf4 27. Kg2 Rxh4 28. Be1 Rg4+ 29. Kf3 h5 30. Rb3 b6
31. a6 g5 32. Ba5 Rf4+ 33. Kg2 Rxe4 34. Bxb6 Bxb6 35. Rxb6 axb6 36. a7 Re2+
0-1

[Event "In Memory of Bill Futabutz"]
[Site "SchemingMind.com"]
[Date "2008.12.09"]
[Round "-"]
[White "e_castle3"]
[Black "cnbcad"]
[Result "1-0"]
[WhiteCountry "PHI"]
[BlackCountry "USA"]
[WhiteElo "1747"]
[WhiteRD "69"]
[BlackElo "1545"]
[BlackRD "63"]
[GameID "182303"]

1. f4 d5 2. g3 Nc6 3. Bg2 Nf6 4. d4 e6 5. Nf3 g6 6. O-O Bg7 7. e3 O-O 8. Nbd2 Ne7 9. Qe2 b6 10. Ne5 a5
11. c4 c6 12. b3 Ba6 13. Qf2 Qc7 14. Re1 dxc4 15. bxc4 Bb7 16. e4 Rad8 17. Bb2 c5 18. Rab1 Nd7 19. Nxd7 Qxd7 20. d5 exd5
21. Bxg7 Kxg7 22. cxd5 Qa4 23. Rxb6 Ba8 24. Qxc5 Nc8 25. Rb8 Nd6 26. Rxd8 Rxd8 27. a3 Rc8 28. Qxd6 Qd4+ 29. Kh1 Qxd2 30. Rf1 Rc2
31. Rg1 Rc1 32. Qe5+ Kf8 33. Qb8+ Kg7 34. Qxa8 Rxg1+ 35. Kxg1 Qe1+ 36. Bf1 Qe3+ 37. Kg2 Qxe4+ 38. Kf2 Qc2+= 39. Be2 Qc5+ 40. Kg2 Qc2
41. Qa6 Qe4+ 42. Bf3 Qc2+ 43. Qe2 Qc5 44. Qb2+ Kg8 45. a4 Qc4 46. Qa1 Qc2+ 47. Kh1 Qd3 48. Qd1 Qxd1+ 49. Bxd1 Kf8 50. Kg2 Ke7
51. Kf3 f5 52. Ke3 Kd6 53. Kd4 h6 54. h4 h5 55. Bb3
1-0

[Event "In Memory of Bill Futabutz"]
[Site "SchemingMind.com"]
[Date "2008.12.07"]
[Round "-"]
[White "cnile"]
[Black "cnbcad"]
[Result "0-1"]
[WhiteCountry "SCO"]
[BlackCountry "USA"]
[WhiteElo "1558"]
[WhiteRD "60"]
[BlackElo "1652"]
[BlackRD "58"]
[GameID "182304"]

1. e4 e5 2. Nf3 Nc6 3. d4 Nxd4 4. Nxe5 c5 5. Bc4 d5 6. Bxd5 Be6 7. Bxe6 Nxe6 8. O-O Qxd1 9. Rxd1 Nf6 10. Nc3 Be7
11. Be3 O-O 12. f3 a6 13. Kh1 Rad8 14. a3 Nd4 15. Rac1 Bd6 16. Ng4 Nxg4 17. fxg4 Ne6 18. Nd5 c4 19. c3 Nc5 20. Nb6 Nd3
21. Rc2 Bf4 22. Bc5 Nxc5 23. Nd5 Nxe4 24. Ne7+ Kh8 25. Re1 Rfe8 26. Nf5 Nf2+ 27. Rxf2 Rxe1+ 28. Rf1 Rxf1#
0-1

[Event "In Memory of Bill Futabutz"]
[Site "SchemingMind.com"]
[Date "2008.12.11"]
[Round "-"]
[White "Black Knight"]
[Black "cnbcad"]
[Result "0-1"]
[WhiteCountry "USA"]
[BlackCountry "USA"]
[WhiteElo "1538"]
[WhiteRD "73"]
[BlackElo "1613"]
[BlackRD "54"]
[GameID "182305"]

1. e4 e5 2. Nf3 Nc6 3. d4 exd4 4. Nxd4 Nxd4 5. Be3 Ne6 6. Bc4 d6 7. O-O Nf6 8. Nc3 Be7 9. e5 Nd7 10. exd6 cxd6
11. Bxe6 fxe6 12. Re1 O-O 13. Qe2 Nf6 14. Rad1 b6 15. Bg5 e5 16. Qc4+ Kh8 17. Bxf6 Bxf6 18. Qd5 Bf5 19. Ne4 Bxe4 20. Qxe4 Rc8
21. c4 h6 22. Rd5 Be7 23. b4 Rf4 24. Qe2 Rcxc4 25. g3 Rfe4 26. Qf1 Rxb4 27. Rxe4 Rxe4 28. Qd3 Rd4 29. Rxd4 exd4 30. Qxd4 Qc7
31. f4 Qc5
0-1

[Event "In Memory of Bill Futabutz"]
[Site "SchemingMind.com"]
[Date "2008.12.08"]
[Round "-"]
[White "CRIS PORTI"]
[Black "cnbcad"]
[Result "1-0"]
[WhiteCountry "ARG"]
[BlackCountry "USA"]
[WhiteElo "1935"]
[WhiteRD "151"]
[BlackElo "1613"]
[BlackRD "54"]
[GameID "182306"]

1. e4 e5 2. Nf3 Nc6 3. d4 exd4 4. c3 dxc3 5. Bc4 cxb2 6. Bxb2 d6 7. Qb3 d5 8. Bxd5 Be6 9. Qxb7 Bb4+ 10. Nc3 Bxc3+
11. Bxc3 Nge7 12. Bxc6+ Nxc6 13. Qxc6+ Bd7 14. Qc5 f6 15. Rd1 Qe7 16. Qxe7+ Kxe7 17. Bb4+ Kd8 18. O-O Rb8 19. Nd4 Kc8 20. a3 Re8
21. f3 Ba4 22. Rc1 g5 23. Nc6 Bxc6 24. Rxc6 Rb6 25. Rfc1 Rxc6 26. Rxc6 Rd8 27. Rxf6 Rd3 28. Rf7 a5 29. Bxa5 Rxa3 30. Rxc7+ Kb8
31. Rc5 h6 32. Bc7+ Kb7 33. e5 Ra6 34. Bd6 Rc6 35. Rxc6 Kxc6 36. Kf2 Kd5 37. Ke3 h5 38. g4
1-0

[Event "In Memory of Bill Futabutz"]
[Site "SchemingMind.com"]
[Date "2008.12.07"]
[Round "-"]
[White "pcmvr"]
[Black "lame wolf"]
[Result "1-0"]
[WhiteCountry "NED"]
[BlackCountry "INT"]
[WhiteElo "2269"]
[WhiteRD "90"]
[BlackElo "995"]
[BlackRD "52"]
[GameID "182317"]

1. b4 b5 2. Bb2 Nc6 3. e3 Nd4 4. Bxd4 c6 5. a4 Ba6 6. axb5 Bxb5 7. c4 Ba6 8. Rxa6 e6 9. Nc3 Bxb4 10. Bxg7 f6
11. Qh5+
1-0

[Event "In Memory of Bill Futabutz"]
[Site "SchemingMind.com"]
[Date "2008.12.07"]
[Round "-"]
[White "pcmvr"]
[Black "cnbcad"]
[Result "1-0"]
[WhiteCountry "NED"]
[BlackCountry "USA"]
[WhiteElo "2273"]
[WhiteRD "94"]
[BlackElo "1618"]
[BlackRD "57"]
[GameID "182318"]

1. b4 e5 2. Bb2 Bxb4 3. f4 d6 4. fxe5 dxe5 5. Bxe5 Qh4+ 6. g3 Qe4 7. Nf3 Bg4 8. Bxg7 Bxf3 9. Rg1 Nc6 10. c3 O-O-O
11. cxb4 Nxb4 12. Bh3+ Kb8 13. Nc3 Nc2+ 14. Kf2 Qg6 15. Bxh8 Nxa1 16. Kxf3 Nc2 17. Qc1 Nf6 18. Bxf6 Qxf6+ 19. Kg2 Nd4 20. Rf1 Qc6+
21. e4 Rf8 22. Qa3 f5 23. Qxf8+
1-0

[Event "In Memory of Bill Futabutz"]
[Site "SchemingMind.com"]
[Date "2008.12.09"]
[Round "-"]
[White "pcmvr"]
[Black "e_castle3"]
[Result "1-0"]
[WhiteCountry "NED"]
[BlackCountry "PHI"]
[WhiteElo "2268"]
[WhiteRD "101"]
[BlackElo "1725"]
[BlackRD "68"]
[GameID "182319"]

1. b4 e5 2. Bb2 f6 3. b5 d5 4. e3 Be6 5. Nf3 Nd7 6. d4 e4 7. Nfd2 Ne7 8. c4 Ng6 9. Nc3 c6 10. Qb3 Nb6
11. c5 Nd7 12. Ncxe4 Be7 13. bxc6 bxc6 14. Nd6+ Bxd6 15. cxd6 O-O 16. h4 Re8 17. Ba3 Qa5 18. Rc1 Rec8 19. Bb4 Qd8 20. h5 Ngf8
21. h6 g6 22. Ba6 Rcb8 23. Rxc6 Rb6 24. Rxb6 Nxb6 25. O-O Nfd7 26. Rc1 Qf8 27. a4 Rb8 28. Rc7 Qxh6 29. a5 Na8 30. Rxa7 Qg5
31. Bb7 Nc7 32. dxc7
1-0